• 首页
  • 本馆介绍
  • 公告通知
  • 最新文献
  • 馆藏检索
  • 电子资源
  • 读者导购
  • 参考咨询
  • 我的图书馆
  • 登录
  • 详细信息显示
  • 放入我的书架
  • 预约/预借图书
  • 作者相关作品
  • 分类相关作品
  • 丛书相关作品
  • 出版社相关作品

书目信息

  • 表格格式
  • 工作单格式
  • 卡片格式
题名:
漫步神州
    
 
作者: 李祯祥 , 贺海 编
分册: 二  
出版信息: 北京   人民日报出版社  1982
页数: 204页
开本: 19cm
丛书名:
单 册:
中图分类: K928.70
科图分类:
主题词: 散文--中国--现代--选集 , 地理--中国
电子资源:
ISBN:
000 00676nam0 2200253 45
001 0182002433
005 20060814082941.00
010    @dCNY0.55
091    @a10132.019
100    @a19950523d1982 em y0chiy0121 ea
101 0  @achi
102    @aCN@b110000
105    @ay z 000cy
200 10 @a漫步神州@h二@Aman bu shen zhou@f李祯祥, 贺海编
210    @a北京@c人民日报出版社@d1982
215    @a204页@d19cm
606    @a散文@y中国@z现代@x选集
606 0  @a地理@x中国
690    @aK928.70@v3
701  0 @a李祯祥@Ali zhen xiang@4编
701  0 @a贺海@Ahe hai@4编
801  0 @aCN@b上海图书馆@c20060814
801  2 @aCN@bNLC@c20060719
905    @dK928.70@e40:2@f1@b88053
    
    漫步神州.二/李祯祥, 贺海编.-北京:人民日报出版社,1982
    204页;19cm
    
    
    ISBN :CNY0.55
    
●
相关链接 在E读中查询图书 在五车中查询图书 在当当中查询图书 在豆瓣中查询图书


正题名:漫步神州     索取号:K928.70/40:2         预约/预借

序号 登录号 条形码 馆藏地/架位号 状态 备注
1 0088053   001960792   密集书库/ [索取号:K928.70/40:2] 在馆    
2 0088054   001553054   密集书库/ [索取号:K928.70/40:2] 在馆    
3 0088055   001553125   第二样本阅览室/ [索取号:K928.70/40:2] 在馆    
4 0435045   204350451   密集书库/ [索取号:K928.70/40:2] 在馆    
5 0435046   204350460   密集书库/ [索取号:K928.70/40:2] 在馆    
6 0462252   204622523   密集书库/ [索取号:K928.70/40:2] 在馆    
7 0462253   204622532   密集书库/ [索取号:K928.70/40:2] 在馆    
唐山师范学院图书馆 欢迎您!
大连网信软件有限公司© 版权所有